Судьба гласности - судьба перестройки

Bibliografiska uppgifter
Övriga upphovsmän: Рассолов М. М. (составитель), Шинкаренко В. В.
Språk:ryska
Publicerad: Москва, Изд-во политической лит-ры, 1990
Ämnen:
Materialtyp: MixedMaterials Bok
KOHA link:https://koha.lib.tpu.ru/cgi-bin/koha/opac-detail.pl?biblionumber=223617

MARC

LEADER 00000nam0a2200000 4500
001 223617
005 20231101230532.0
010 |a 5250013449 
035 |a (RuTPU)RU\TPU\book\243877 
090 |a 223617 
100 |a 20121013d1990 m y0rusy50 ca 
101 0 |a rus 
102 |a RU 
105 |a y z 000zy 
200 1 |a Судьба гласности - судьба перестройки  |f сост. М. М. Рассолов ; В. В. Шинкаренко 
210 |a Москва  |c Изд-во политической лит-ры  |d 1990 
215 |a 334 с. 
606 1 |a Политические системы  |y Россия  |y СССР  |z 20 в.  |2 stltpush  |3 (RuTPU)RU\TPU\subj\67660  |9 83381 
610 1 |a политика 
610 1 |a перестройка 
610 1 |a гласность 
610 1 |a 20 век 
610 1 |a история 
686 |a Ф3(2)1  |v LBC/SL-A  |2 rubbk 
702 1 |a Рассолов  |b М. М.  |4 220 
702 1 |a Шинкаренко  |b В. В.  |4 220 
801 1 |a RU  |b 63413507  |c 20121013 
801 2 |a RU  |b 63413507  |c 20121022  |g RCR 
942 |c BK